| 000 | 00688cam a2200253 i 4500 | ||
|---|---|---|---|
| 001 | 15365 | ||
| 003 | BD-RjUL | ||
| 005 | 20211208235812.0 | ||
| 008 | 140210s1980 nyua 000 0 eng | ||
| 020 | _a0442225652 : | ||
| 035 | _a(BD-RjUL)15419 | ||
| 040 |
_aDLC _cDLC _dBD-RjUL _beng |
||
| 041 | _aeng | ||
| 082 | 0 | 0 |
_a686.225 _bRIT 1980 |
| 100 | 1 |
_aRice, Stanley. _947738 |
|
| 245 | 1 | 0 |
_aType-caster ; _buniversal copyfitting / _cStanley Rice. |
| 260 |
_aNew York : _bVan Nostrand Reinhold, _cc1980. |
||
| 300 |
_a90 p. : _bill. ; _c24 cm. |
||
| 650 | 0 |
_aCopyfitting. _947739 |
|
| 650 | 0 |
_aTypesetting. _947740 |
|
| 942 |
_2ddc _cBK |
||
| 999 |
_c15365 _d15365 |
||